000 00446nam a2200181Ia 4500
001 73843
008 160804s9999||||xx |||||||||||||| ||und||
020 _a9789696520214
040 _cPK-LaUMT
082 _a 891.4393
_bTOR-U
100 _aToris, Intavenu
245 _aUjray diyar (Urdu)/
_cToris, Intavenu|Huma Anwar
260 _aLahore:
_bJang Publishers,
_c2015
300 _a224 p.
546 _aUR
700 _aHuma Anwar
942 _cBK
999 _c86987
_d86987